Bible study popularized. (Record no. 3822)

000 -LEADER
fixed length control field 00520nam a2200181 a 4500
001 - CONTROL NUMBER
control field :::00001557$&:&@@
003 - CONTROL NUMBER IDENTIFIER
control field OkBaRHE
005 - DATE AND TIME OF LATEST TRANSACTION
control field 20000607103244.0
008 - FIXED-LENGTH DATA ELEMENTS--GENERAL INFORMATION
fixed length control field s1904 j 000 0 eng u
040 ## - CATALOGING SOURCE
Transcribing agency
100 1# - MAIN ENTRY--PERSONAL NAME
Personal name Lee, Frank T.
245 10 - TITLE STATEMENT
Title Bible study popularized.
260 ## - PUBLICATION, DISTRIBUTION, ETC. (IMPRINT)
Place of publication, distribution, etc Chicago, IL., :
Name of publisher, distributor, etc Winona Pub. Co.
Date of publication, distribution, etc c1904
300 ## - PHYSICAL DESCRIPTION
Extent 315 p. ;
Dimensions 20 cm.
650 ## - SUBJECT ADDED ENTRY--TOPICAL TERM
Topical term or geographic name as entry element Bible
General subdivision Study
942 ## - ADDED ENTRY ELEMENTS (KOHA)
Source of classification or shelving scheme
Koha item type Books
Copies
Date last seen Copy number Date acquired Not for loan Koha item type Lost status Permanent Location Shelving location Source of classification or shelving scheme Full call number Barcode Withdrawn status Price effective from Damaged status
2010-04-1412010-04-14 Books RHEMA Bible Training CollegeGeneral Stacks BS 600 .L4421557 2010-04-14